000 01693cam a2200397 i 4500
001 39170
003 KOSZ 005
005 20240405063125.0
008 010702s2000 pl f |000 0 pol d
020 _a8387832197
040 _cKOSZ 005
_bKOSZ 005
_dKOSZ 005/HR
046 _k2000
080 _a327(438)"1989/..."
245 0 0 _aPolska polityka wschodnia /
_c[aut. Jan Nowak Jeziorański et al.] ; Instytut Studiów Strategicznych, Friedrich Ebert Stiftung.
260 _aKraków :
_b"Meritum",
_c2000.
300 _a223 s. ;
_c21 cm.
380 _aKsiążki
388 _a1901-2000
388 _a1989-2000
490 1 _aStudia i Analizy / Fundacja Międzynarodowe Centrum Rozwoju Demokracji ;
_v8
500 _aMateriały z konferencji pt.: "Nowy kształt stosunków Polski z jej wschodnimi sąsiadami", która odbyła się w dniach 12-13 czerwca 1999 r. w Krakowie.
648 7 _a1901-2000
648 7 _a1989-2000
650 _aPolityka międzynarodowa
651 4 _aPolska
651 4 _aLitwa
651 4 _aUkraina
655 _aMateriały konferencyjne
658 _aPolityka, politologia, administracja publiczna
700 1 _aNowak-Jeziorański, Jan
_d(1914-2005)
_eAutor
710 2 _aPrzedstawicielstwo w Polsce (Fundacja im. Friedricha Eberta)
830 0 _aStudia i Analizy - Fundacja "Międzynarodowe Centrum Rozwoju Demokracji"
_v8
856 _uhttp://koha.tu.koszalin.pl/cgi-bin/koha/opac-detail.pl?biblionumber=39170
_yKatalog online BPK
942 _cKS
_2UKD
999 _c39170
_d39170